Derwent system of construction: information contract procedure and specifications

Bewaard in:
Bibliografische gegevens
Formaat: Boek
Taal:Engels
Gepubliceerd in: Nottingham Vic Hallam 1964
Onderwerpen:
Tags: Voeg label toe
Geen labels, Wees de eerste die dit record labelt!

MARC

LEADER 00000nam a2200000 a 4500
001 UCV9183
003 CL-VaPUC
008 920701e19640000UK |||||||||||||||||eng|d
082 0 4 |a 643.2  |b DER  |2 21 
245 1 0 |a Derwent system of construction: information contract procedure and specifications 
300 |a 25 h 
942 |c BK 
945 |d 19920701 00:00:00 
260 |a Nottingham  |b Vic Hallam  |c 1964 
650 7 |a CONSTRUCCIONES PREFABRICADAS  |2 CL-VaPUC  |9 266374 
650 7 |a CASAS PREFABRICADAS  |2 CL-VaPUC  |9 303187 
583 |a last modification  |c 19920701 00:00:00  |k Rodrigo Vera 
999 |c 214559  |d 214557 
952 |0 0  |1 0  |2 ddc  |4 0  |6 643_200000000000000_DER_1964  |7 0  |8 A  |9 198031  |a BIBARQ  |b BIBARQ  |c PAC  |d 2019-11-14  |i 2656345  |o 643.2 DER 1964  |p 2656345  |r 2025-01-20  |w 2019-11-14  |y BK  |k ARQ